| 000 | 01185naa a22003497a 4500 | ||
|---|---|---|---|
| 001 | BR8105336 | ||
| 003 | BR-BrBNA | ||
| 005 | 20240918174838.0 | ||
| 007 | ta | ||
| 008 | 230509b bl.||||| |||| 00| 0 por d | ||
| 040 |
_aBR-BrBNA _bpor _cBiblioteca Nacional de Agricultura |
||
| 041 | _a(Pt) | ||
| 072 |
_aL30 _b5213 _b1910 _b1930 _bG514 |
||
| 090 | _aL30 BR8105336 | ||
| 100 | 1 | _aChaves Filho, N. | |
| 100 | 1 | _aPires, C.B. | |
| 100 | 1 | _aLima, V.B. | |
| 245 | 1 | _aAlternativa inicial para bovinos de corte na regiao do Agreste Meridional de Pernambuco [pastagem, capim buffel, ganho de peso, Brasil] | |
| 260 | 3 |
_aRecife, PE (Brasil): _c1981. |
|
| 500 | _aAtuacao do IPA no ambito do POLONORDESTE Recife, PE (Brasil): 1981. v. 2 p. 150-161 (BR8105336-AM)L30 | ||
| 650 | _aGADO DE CORTE | ||
| 650 | _aPASTAGEM NATURAL | ||
| 650 | _aCAPIM BUFFEL | ||
| 650 | _aPASTEJO CONTINUO | ||
| 650 | _aGANHO DE PESO | ||
| 650 | _aCUSTO | ||
| 650 | _aAGRESTE MERIDIONAL | ||
| 650 | _aPERNAMBUCO | ||
| 773 | 0 |
_tAtuacao do IPA no ambito do POLONORDESTE _wL30 BR8105336 _gRecife, PE (Brasil), 1981. v. 2 p. 150-161 |
|
| 909 |
_a202404 _bLucia _c55 _dLucia Elande |
||
| 942 |
_cAM _2AGRIS |
||
| 999 |
_c313969 _d313969 |
||